| 000 | 00941nac a22002657a 4500 | ||
|---|---|---|---|
| 001 | BR6900133 | ||
| 003 | BR-BrBNA | ||
| 005 | 20240105113337.0 | ||
| 008 | 230509b bl.|||m| |||| 00| 0 por d | ||
| 040 |
_aBR-BrBNA _bpor _cBiblioteca Nacional de Agricultura |
||
| 072 | _aE10; N00 | ||
| 090 | _aE10 BR6900133 | ||
| 110 | 1 |
_aCompanhia Agropecuaria de Fomento Economico do Parana, Curitiba (Brasil) _92271 |
|
| 245 | 1 | _aRelatorio de atividades 1968 [Semente; Mecanizacao agricola; Parana; Companhia Agropecuaria de Fomento Economico do Parana; Brasil] | |
| 260 | 3 |
_aCuritiba, PR (Brasil): _c1969. |
|
| 300 | _a94 p. | ||
| 490 |
_aRelatorio - Companhia Agropecuaria de Fomento Economico do Parana (Brazil) _v _x |
||
| 650 | _aMacroeconomia | ||
| 650 | _aMecanizacao agricola | ||
| 650 | _aSemente | ||
| 650 | _aInstituicao agricola | ||
| 650 | _aParana | ||
| 909 |
_a202312 _bLúcia Elande _c55 _dLúcia Elande |
||
| 942 |
_2AGRIS _n0 _cMS |
||
| 999 |
_c263205 _d263205 |
||